Auswanderungen Kambodscha - Statistiken

Allgemein
  • Dieses Quiz wurde 34 mal gespielt
  • Das Durchschnittsergebnis liegt bei 10 aus 12
Antwortstatistiken
Platz Land Anzahl % Korrekt
3. Vereinigte Staaten 331.733
97%
1. China 1.319.652
94%
2. Thailand 1.146.685
94%
7. Kanada 38.490
91%
12. Laos 7.141
88%
5. Australien 66.000
81%
4. Frankreich 80.000
81%
6. Südkorea 49.100
81%
8. Malaysia 30.113
78%
10. Neuseeland 8.601
75%
9. Japan 9.195
72%
11. Vereinigte Arabische Emirate 7.600
53%
Keine übereinstimmenden Quizze gefunden
Verteilung der Resultate
Anzahl Personen mit jedem Resultat
Perzentil nach korrekt beantworteten Fragen
Ihre Resultats-Entwicklung
Sie haben dieses Quiz noch nicht gespielt